| 000 | 00538cam a22001457a 4500 | ||
|---|---|---|---|
| 008 | 180718b1998 xxu||||| |||| 00| 0 eng d | ||
| 082 | _aAPPPA 97-98 SIN/22 | ||
| 100 | _aSingh, Mehtab | ||
| 245 |
_aDissertation on work motivation strategies used by middle level officers: study of Indian railways _cby Mehtab Singh |
||
| 260 |
_aNew Delhi _bIndian Institute of Public Administration _c1998 |
||
| 300 | _a131p. | ||
| 500 | _aAn APPPA M.Phil. dissertation, 1997-98 | ||
| 650 | _aAPPPA | ||
| 650 | _aIndian railways - Officials and employees | ||
| 999 |
_c485695 _d485695 |
||